00411nam a2200169Ia 4500008004000000020001500040082001600055100002600071245003600097260004800133300000800181650001100189650001300200650001100213650000900224650000800233210210b2008 xxu||||| |||| 00| 0 eng d a817649366X a828.51 FROL aFRONTHINGHAM (Andrew) aLast minute speeches and toasts aNew DelhibViva Books Private Limitedc2008 a159 atoasts aspeeches aminute aLast aand